Sabaton Lyrics - Statistics

General Stats
  • This quiz has been taken 203 times
  • The average score is 3 of 12
Answer Stats
Lyrics Answer % Correct
Imperial force ___ facing ___ samurai, surrounded and ___ defied 500 outnumbered
68%
Oh, gather 'round me and ___ ___ ___ of a war where hell is ___ ___ deep listen while I speak six feet
47%
Pulled into war to ___ a vision that was supposed to ___ ___ ___ ___ serve last a thousand years
40%
It's close to ___ and he's ___ at the moon midnight barking
34%
Let the story be heard, tell of ___, fighter pilots from Poland in the ___ ___ ___ 303 battle of britain
31%
___ ___ Berlin is burning, ___ ___, the Reich has fallen attero dominatus denique interimo
29%
Dreams are ___ ___ by a bullet in the dark, rulers ___ and rulers ___ seldom shattered come go
25%
From the ___ World's ___ see an empire rise Old demise
18%
It's surrender or die and the ___ are ___, they live ___ they ___, stakes high or die
17%
By their own hand force ___ ___ out of their land their enemy
11%
___ are coming down from the sky, ___ are you ready to __ cannonballs janissaries die
10%
Will I find a ___, will I find a place, will you let me ___ ___ ___ way go in peace
5%
No matching quizzes found
Score Distribution
Percent of People with Each Score
Percentile by Number Answered
Your Score History
You have not taken this quiz